Science Quiz

Random Science or French Quiz

French gastro-intestinal problems Quiz Stats

 Plays Quiz not verified by Sporcle

Support Sporcle.
Go Orange.
Score 0/11 Timer 05:00
0 Plays Today
diagnosis termes medicaux % Correct
inflammation aigue ou chronique de la muqueuse de l'estomacgastrite
90%
rejet brutal de contenu de l'estomacvomissement
90%
passage de selles petites seches et dures ou absence de sellesconstipation
80%
infection et inflammation de l'appendice, douleur abdominalesappendicite
70%
inflammation aigue ou chronique de coloncolite
70%
affection hépatique chronique fibrose formation de tissu dans la foie, perte de cellulescirrhose
60%
trouble de la digestion qui survient apres les repasdyspepsie
60%
synonyme de roteructation
60%
masse ou accumulation de selles durices dont la consistance ressemble a du mastic et qui se trouve dans les replis du rectumfécalome
50%
inflammation de la membreane seeuse qui tapisse la cavite abdominale resultant d'une infection bacterienne du tractus gastro intestinalpéritonite
50%
présence de calculs dans la vésicule biliaire cholélithiase
20%

You're not logged in!

Compare scores with friends on all Sporcle quizzes.
OR
Log In
Forgot?

From the Vault

Images That Start with 'C' III

by sproutcm

There are so many great things that start with C, but cookie is probably still #1.
Remove Ads.
Support Sporcle.
Get the best of Sporcle when you Go Orange. This ad-free experience offers more features, more stats, and more fun while also helping to support Sporcle. Thank you for becoming a member.

Show Comments

Extras

Created Feb 14, 2011ReportNominate
Tags:French Quiz, diagnosis, problem

Top Quizzes Today


Score Distribution

Your Account Isn't Verified!

In order to create a playlist on Sporcle, you need to verify the email address you used during registration. Go to your Sporcle Settings to finish the process.

Report this User

Report this user for behavior that violates our Community Guidelines.

Details: